Central Library OPAC University of Rajshahi

রামমোহন-গ্রন্থাবলী / (Record no. 44309)

MARC details
000 -LEADER
fixed length control field 00951nam a22002297a 4500
001 - CONTROL NUMBER
control field 44309
003 - CONTROL NUMBER IDENTIFIER
rucl marc code BD-RjUL
005 - DATE AND TIME OF LATEST TRANSACTION
control field 20220821115735.0
008 - FIXED-LENGTH DATA ELEMENTS--GENERAL INFORMATION
fixed length control field 160716s1815 ii ||||| |||| 00| 0 ben d
035 ## - SYSTEM CONTROL NUMBER
System control number (BD-RjUL)44427
040 ## - CATALOGING SOURCE
Original cataloging agency BD-RjUL
Language of cataloging ben
Transcribing agency BD-RjUL
041 ## - LANGUAGE CODE
Language code of text/sound track or separate title ben
082 ## - DEWEY DECIMAL CLASSIFICATION NUMBER
Edition number 23
Classification number 891.4408
Author mark and year RAM 1815
245 00 - TITLE STATEMENT
Title রামমোহন-গ্রন্থাবলী /
260 ## - PUBLICATION, DISTRIBUTION, ETC. (IMPRINT)
Place of publication, distribution, etc. কলিকাতা :
Name of publisher, distributor, etc. বঙ্গীয়-সাহিত্য-পরিষৎ,
Date of publication, distribution, etc. ১৮১৫
300 ## - PHYSICAL DESCRIPTION
Pagination বিভিন্ন পৃ. ;
Size ২১ সেমি.
650 ## - SUBJECT ADDED ENTRY--TOPICAL TERM
Topical term or geographic name as entry element বাংলা সাহিত্য
General subdivision সংগ্রহ
9 (RLIN) 122902
Topical term or geographic name as entry element Bengali Literature
General subdivision Collection
9 (RLIN) 122903
700 ## - ADDED ENTRY--PERSONAL NAME
Personal name বন্দ্যোপাধ্যায়, ব্রজেন্দ্রনাথ, সম্পাদক
Personal name দাস, সজনীকান্ত, সম্পাদক
942 ## - ADDED ENTRY ELEMENTS (KOHA)
Source of classification or shelving scheme Dewey Decimal Classification
Koha item type Books
Holdings
Lost status Source of classification or shelving scheme Damaged status Not for loan Collection code Permanent Location Current Location Date acquired Source of acquisition Cost, normal purchase price Full call number Date last seen Copy number Koha item type Shelving location Total Checkouts
  Dewey Decimal Classification     Non-fiction Central Library, University of Rajshahi Central Library, University of Rajshahi 21/11/1962 Kamala Book 17.50 B 891.4408 RAM 1815 16/07/2016 C-2 Books    
  Dewey Decimal Classification     Non-fiction Central Library, University of Rajshahi Central Library, University of Rajshahi 21/11/1962 Kamala Book 17.50 B 891.4408 RAM 1815 20/08/2016 C-3 Books    
  Dewey Decimal Classification   Not For Loan Non-fiction Central Library, University of Rajshahi Central Library, University of Rajshahi 02/04/1957 calcutta : kamla book   891.4408 RAM 1815 21/08/2022 C-1 Books Reading Room